• 首页
  • 本馆介绍
  • 公告通知
  • 最新文献
  • 馆藏检索
  • 电子资源
  • 读者导购
  • 参考咨询
  • 我的图书馆
  • 登录
  • 详细信息显示
  • 放入我的书架
  • 预约/预借图书
  • 作者相关作品
  • 分类相关作品
  • 丛书相关作品
  • 出版社相关作品

书目信息

  • 表格格式
  • 工作单格式
  • 卡片格式
题名:
校园欺凌行为案例研究
    
 
作者: 帕钦 , 辛社佳 著 ;王怡然 译
分册:  
出版信息: 哈尔滨   黑龙江教育出版社  2017
页数: 171页
开本: 24cm
丛书名:
单 册:
中图分类: G474
科图分类:
主题词: 校园--暴力行为--案例--研究
电子资源:
ISBN: 978-7-5316-9223-2
000 01449nam0 2200289 450
001 5803
005 20180529223214.93
010    @a978-7-5316-9223-2@dCNY30.00
100    @a20170802d2017 em y0chiy50 ea
101 1  @achi@ceng
102    @aCN@b230000
105    @ay z 000yy
200 1  @a校园欺凌行为案例研究@9xiao yuan qi ling xing wei an li yan jiu@dBullying today bullet points and best practices@f(美)贾斯汀·W. 帕钦,(美)萨米尔·K. 辛社佳著@g王怡然译@zeng
210    @a哈尔滨@c黑龙江教育出版社@d2017
215    @a171页@d24cm
300    @a前沿教育
314    @a贾斯汀·W. 帕钦 (Justin W. Patchin),威斯康星大学欧克莱尔分校政治科学系刑事司法教授。
314    @a萨米尔·K. 辛社佳 (Sameer K. Hinduja),佛罗里达大西洋大学犯罪和刑事司法教授。
330    @a本书作者贾贾斯汀·W. 帕钦、萨米尔·K. 辛社佳一直致力于研究青少年欺凌的原因和后果,他们十分清楚教育工作者面临的挑战,非常注重与学校教育工作者和社区家长进行密切合作,随时了解应对欺凌和网络欺凌的经验以及成功和失败的案例。本书中并没有用冗长的内容来罗列信息,而是用一系列简短的章节指出如何解决一个个具体的欺凌问题或观点。
510 1  @aBullying today bullet points and best practices@zeng
606 0  @a校园@x暴力行为@x案例@x研究
690    @aG474@v5
701  0 @c(美)@a帕钦@9pa qin@c(Patchin, Justin W. )@4著
701  0 @c(美)@a辛社佳@9xin she jia@c(Hinduja, Sameer K. )@4著
702  0 @a王怡然@9wang yi ran@4译
801  0 @aCN@b91MARC@c20170802
905    @aMuseLib@dG474@e142
    
    校园欺凌行为案例研究=Bullying today bullet points and best practices/(美)贾斯汀·W. 帕钦,(美)萨米尔·K. 辛社佳著/王怡然译.-哈尔滨:黑龙江教育出版社,2017
    171页;24cm
    前沿教育
    
    ISBN 978-7-5316-9223-2:CNY30.00
    本书作者贾贾斯汀·W. 帕钦、萨米尔·K. 辛社佳一直致力于研究青少年欺凌的原因和后果,他们十分清楚教育工作者面临的挑战,非常注重与学校教育工作者和社区家长进行密切合作,随时了解应对欺凌和网络欺凌的经验以及成功和失败的案例。本书中并没有用冗长的内容来罗列信息,而是用一系列简短的章节指出如何解决一个个具体的欺凌问题或观点。
●
相关链接 在E读中查询图书 在五车中查询图书 在当当中查询图书 在豆瓣中查询图书


正题名:校园欺凌行为案例研究     索取号:G474/142         预约/预借

序号 登录号 条形码 馆藏地/架位号 状态 备注
1 1115020   211150207   第一样本阅览室/ [索取号:G474/142] 在馆    
2 1115021   211150216   教育系资料室/ [索取号:G474/142] 在馆    
3 1115022   211150225   教育系资料室/ [索取号:G474/142] 在馆    
4 1115023   211150234   教育系资料室/ [索取号:G474/142] 在馆    
5 1115024   211150243   第四借阅区/ [索取号:G474/142] 在馆    
6 1115025   211150252   第四借阅区/ [索取号:G474/142] 在馆    
唐山师范学院图书馆 欢迎您!
大连网信软件有限公司© 版权所有